| Tag |
First Indicator |
Second Indicator |
Subfields |
| LEADER |
00000pam a2200000 a 4500 |
| 001 |
in00000079205 |
| 005 |
20151008060754.0 |
| 008 |
810309s1981 mau b 00110 eng |
| 010 |
|
|
|a 81002390
|
| 020 |
|
|
|a 0876260520 :
|c $15.95 (est.)
|
| 035 |
|
|
|a (OCoLC)07277663
|
| 035 |
|
|
|9 AAJ6537AM
|
| 039 |
0 |
|
|a 2
|b 3
|c 3
|d 3
|e 3
|
| 040 |
|
|
|a DLC
|c DLC
|d TXA
|d UtOrBLW
|
| 049 |
|
|
|a TXAM
|c [1362226]
|
| 050 |
0 |
0 |
|a RC440.2
|b .K33
|
| 060 |
|
0 |
|a WM 30 K12b
|
| 082 |
0 |
|
|a 616.89
|2 19
|
| 100 |
1 |
|
|a Kahn, Marvin W.
|
| 245 |
1 |
0 |
|a Basic methods for mental health practitioners /
|c Marvin W. Kahn.
|
| 264 |
|
1 |
|a Cambridge, Mass. :
|b Winthrop Publishers,
|c [1981]
|
| 264 |
|
4 |
|c ©1981
|
| 300 |
|
|
|a xii, 245 pages ;
|c 24 cm.
|
| 336 |
|
|
|a text
|b txt
|2 rdacontent
|
| 337 |
|
|
|a unmediated
|b n
|2 rdamedia
|
| 338 |
|
|
|a volume
|b nc
|2 rdacarrier
|
| 500 |
|
|
|a Includes index.
|
| 504 |
|
|
|a Bibliography: pages 237-240.
|
| 650 |
|
0 |
|a Psychology, Pathological.
|
| 650 |
|
0 |
|a Psychotherapy.
|
| 650 |
|
0 |
|a Mental health services.
|
| 650 |
|
0 |
|a Allied mental health personnel.
|
| 650 |
|
2 |
|a Community Mental Health Services.
|
| 650 |
|
2 |
|a Psychotherapy
|x methods.
|
| 999 |
|
|
|a MARS
|
| 999 |
f |
f |
|s 8488f3f9-1f65-3c49-aeba-6279b0773516
|i 57f4cae2-c807-3885-bcb7-1e64b0f872d2
|t 0
|
| 952 |
f |
f |
|p ric
|a Texas A&M University
|b Rellis Campus
|c Joint Library Facility
|d Remote Storage
|t 0
|e RC440.2 .K33
|h Library of Congress classification
|i unmediated -- volume
|m A14806229528
|
| 998 |
f |
f |
|a RC440.2 .K33
|t 0
|l Remote Storage
|